Alle Länder des Portugiesischen Kolonialreichs (mit Karte) - Statistiken

Allgemein
  • Dieses Quiz wurde 8 mal gespielt
  • Das Durchschnittsergebnis liegt bei 40 aus 49
Antworten auf der Karte
Die Antworten werden auf der Karte rot bzw. grün angezeigt, abhängig davon wie oft sie richtig erraten wurden.
 
Antwortstatistiken
Land % Korrekt
Brasilien
100%
Portugal
100%
Angola
88%
China
88%
Demokratische Republik Kongo
88%
Frankreich
88%
Guinea-Bissau
88%
Indien
88%
Indonesien
88%
Kap Verde
88%
Malawi
88%
Malaysia
88%
Malediven
88%
Marokko
88%
Mauretanien
88%
Mosambik
88%
Philippinen
88%
Republik Kongo
88%
Sambia
88%
São Tomé und Príncipe
88%
Senegal
88%
Simbabwe
88%
Uruguay
88%
Äquatorialguinea
75%
Bahrain
75%
Bangladesch
75%
Barbados
75%
Benin
75%
Eritrea
75%
Ghana
75%
Grossbritannien (St. Helena)
75%
Guyana
75%
Iran
75%
Japan
75%
Jemen
75%
Katar
75%
Kenia
75%
Madagaskar
75%
Mauritius
75%
Myanmar
75%
Oman
75%
Osttimor
75%
Saudi-Arabien
75%
Somalia
75%
Spanien
75%
Sri Lanka
75%
Sudan
75%
Tansania
75%
Vereinigte Arabische Emirate
75%
Keine übereinstimmenden Quizze gefunden
Verteilung der Resultate
Anzahl Personen mit jedem Resultat
Perzentil nach korrekt beantworteten Fragen
Ihre Resultats-Entwicklung
Sie haben dieses Quiz noch nicht gespielt